My Life : (Record no. 10071)
[ view plain ]
| 000 -LEADER | |
|---|---|
| fixed length control field | 00339nam a22001217a 4500 |
| 008 - FIXED-LENGTH DATA ELEMENTS--GENERAL INFORMATION | |
| fixed length control field | 241024b |||||||| |||| 00| 0 eng d |
| 082 ## - DEWEY DECIMAL CLASSIFICATION NUMBER | |
| Classification number | 920 MIY |
| 100 ## - MAIN ENTRY--PERSONAL NAME | |
| Personal name | Miyazawa, Z. Yasuo |
| 245 ## - TITLE STATEMENT | |
| Title | My Life : |
| Remainder of title | The kanagawa Shinbun 2018 |
| 260 ## - PUBLICATION, DISTRIBUTION, ETC. | |
| Place of publication, distribution, etc. | Japan : |
| Name of publisher, distributor, etc. | The Kanagawa Sinbun Newspaper, |
| Date of publication, distribution, etc. | 2018. |
| 300 ## - PHYSICAL DESCRIPTION | |
| Extent | p. 128; |
| Dimensions | 29.6 Cm. |
| 942 ## - Added entry Elements (Koha) | |
| Source of classification or shelving scheme | Dewey Decimal Classification |
| Withdrawn status | Lost status | Source of classification or shelving scheme | Damaged status | Not for loan | Collection code | Home library | Current library | Shelving location | Date acquired | Serial Enumeration / chronology | Total Checkouts | Full call number | Barcode | Date last seen | Price effective from | Koha item type | Public note |
|---|---|---|---|---|---|---|---|---|---|---|---|---|---|---|---|---|---|
| Dewey Decimal Classification | Main TEST | RTC Library | RTC Library | Main opac | 24/10/2024 | 18982 | 920 MIY | 30020081 | 24/10/2024 | 24/10/2024 | Main | Donated by Madam Dechen Dolkar(Registrar) |